Queensland Trivia - Statistics

General Stats
  • This quiz has been taken 961 times
    929 since last reset
  • The average score is 14 of 22
Answer Stats
Hint Answer % Correct
State capital Brisbane
96%
World's longest coral reef Great Barrier Reef
96%
Only desert in Queensland (think of Homer's last name) Simpson Desert
83%
Sport played by the Broncos Rugby league
82%
Airline company founded in Winton in 1920 Qantas
78%
2018 Commonwealth Games host Gold Coast
75%
Nickname of Queensland The {Sunshine} State
72%
Main gateway city to the above Cairns
69%
He died near Batt Reef in 2006 Steve Irwin
67%
Zoo located in Sunshine Coast Australia Zoo
63%
Sea in which that reef is located Coral Sea
63%
Strait between Queensland and New Guinea {Torres} Strait
61%
Political party that was founded in Barcaldine in 1891 Australian Labor Party
57%
WikiLeaks founder Julian Assange
53%
State animal Koala
50%
Name of the state color Maroon
49%
Peninsula of northernmost point Cape York
48%
World's biggest sand island {Fraser} Island
45%
City of world's largest living coral reef aquarium Townsville
45%
World's tallest residential building Q1
40%
Longest fence in Queensland Dingo Fence
35%
Resort archipelago in that sea Whitsundays
31%
No matching quizzes found
Score Distribution
Percent of People with Each Score
Percentile by Number Answered
Your Score History
You have not taken this quiz since the last reset